Normal view
MARC view
Entry Personal Name
001 - CONTROL NUMBER
- control field: 1237712
003 - CONTROL NUMBER IDENTIFIER
- control field: OSt
005 - DATE AND TIME OF LATEST TRANSACTION
- control field: 20260430150516.0
008 - FIXED-LENGTH DATA ELEMENTS
- fixed length control field: 260430|| aca||aabn | a|a d
040 ## - CATALOGING SOURCE
- Original cataloging agency: OSt
- Transcribing agency: OSt
100 ## - HEADING--PERSONAL NAME
- Personal name: Singh Nisha Au.; Shrivastava Anju Gu.; Vinod Kumar Gu
670 ## - SOURCE DATA FOUND
- Source citation: Work cat.: (OSt)1849953: Singh Nisha Au.; Shrivastava Anju Gu.; Vinod Kumar Gu., Study of Sleep and Mood Related Behaviours in Female Students, 2022
